| 000 | 00972cad a22001935a 4500 | ||
|---|---|---|---|
| 001 | L150572 | ||
| 008 | 100729e2010 xxk 000 0 eng d | ||
| 035 | _a(Sirsi) u150572 | ||
| 041 | 0 | _aeng | |
| 110 | 2 |
_aEC Harris _94930 |
|
| 245 | 0 | 0 |
_aInternational Focus on Ireland _bspend money on infrastructure to assist economic recovery _h[electronic resource] |
| 260 |
_a[S.l.] _bECHarris _c2010 |
||
| 520 | _aOverview of Ireland's economy, construction was at the forefront of its economic growth for several years; National Development Plan (NDP); construction workload; table of economy and construction all sectors 2008-2010; future prospects, National Asset Management Agency (NAMA). | ||
| 590 | _aKA NTK | ||
| 651 | 4 |
_aIreland (Republic of) _y |
|
| 690 | _aBUILT ENVIRONMENT-CONSTRUCTION MARKET | ||
| 856 | 4 | 0 |
_uhttps://www.echarris.com/pdf/7509_International%20focus%20on%20ireland%20FINAL%20FOR%20WEB.pdf _zView the item free of charge at www.echarris.com |
| 942 | _n0 | ||
| 999 |
_c82563 _d82563 |
||